Poesías del Mtro. Fr. Luis de León / (Record no. 157525)

MARC details
000 -LEADER
campo de control de longitud fija 00752nam a2200217 i 4500
001 - NÚMERO DE CONTROL
campo de control 157525
003 - IDENTIFICADOR DE NÚMERO DE CONTROL
campo de control ES-MaACL
005 - FECHA Y HORA DE LA ÚLTIMA TRANSACCIÓN
campo de control 20250828143956.0
008 - DATOS DE LONGITUD FIJA--INFORMACIÓN GENERAL
campo de control de longitud fija 971126s1808 sp |||| | spa d
040 ## - FUENTE DE CATALOGACIÓN
Centro catalogador/agencia de origen CCPB
Lengua de catalogación spa
Centro/agencia transcriptor CCPB
100 1# - ENTRADA PRINCIPAL--NOMBRE DE PERSONA
Nombre de persona León, Luis de,
Fechas asociadas al nombre 1527-1591
9 (RLIN) 71583
245 10 - MENCIÓN DEL TÍTULO
Título Poesías del Mtro. Fr. Luis de León /
Mención de responsabilidad, etc. por Don Ramón Fernández.
260 ## - PUBLICACIÓN, DISTRIBUCIÓN, ETC.
Lugar de publicación, distribución, etc. Madrid :
Nombre del editor, distribuidor, etc. Imp. Real,
Fecha de publicación, distribución, etc. 1808.
300 ## - DESCRIPCIÓN FÍSICA
Extensión 356 p. ;
Dimensiones 17 cm.
490 1# - MENCIÓN DE SERIE
Mención de serie Poesías castellanas ;
Designación de volumen o secuencia 10
594 ## - Nota al título y mención de responsabilidad
Nota al título y mención de responsabilidad Ramón Fernández es seudónimo de Pedro Estala.
700 1# - ENTRADA AGREGADA--NOMBRE PERSONAL
Nombre de persona Estala, Pedro,
Fechas asociadas al nombre 1757-1815
9 (RLIN) 48003
830 0# - PUNTO DE ACCESO ADICIONAL DE SERIE-TÍTULO UNIFORME
Título uniforme Poesías castellanas ;
Designación de volumen o secuencia 10
9 (RLIN) 221798
852 ## - LOCALIZACIÓN
Ubicación ES-MaACL
Número de control de estantería R-3104-12
Encuadernación Olim:G-13256-64
Nota libre -- Enc. hol.
Holdings
Estatus retirado Estado de pérdida Estado de daño No para préstamo Colección Biblioteca de origen Biblioteca actual Ubicación en estantería Fecha de adquisición Total de préstamos Signatura topográfica completa Código de barras Visto por última vez Precio de reemplazo Tipo de ítem Koha
        Libros del s. XIX Biblioteca del Ateneo de Madrid Biblioteca del Ateneo de Madrid Depósito 17/01/2008   R-3104-12 1164844 23/02/2023 23/02/2023 Libro impreso antiguo